<?xml version="1.0" encoding="UTF-8"?><?xml-stylesheet type="text/xsl" href="static/style.xsl"?><OAI-PMH xmlns="http://www.openarchives.org/OAI/2.0/" xmlns:xsi="http://www.w3.org/2001/XMLSchema-instance" xsi:schemaLocation="http://www.openarchives.org/OAI/2.0/ http://www.openarchives.org/OAI/2.0/OAI-PMH.xsd"><responseDate>2026-04-14T03:04:03Z</responseDate><request verb="GetRecord" identifier="oai:www.recercat.cat:20.500.12328/1544" metadataPrefix="marc">https://recercat.cat/oai/request</request><GetRecord><record><header><identifier>oai:recercat.cat:20.500.12328/1544</identifier><datestamp>2025-05-20T00:01:36Z</datestamp><setSpec>com_2072_67741</setSpec><setSpec>col_2072_484352</setSpec></header><metadata><record xmlns="http://www.loc.gov/MARC21/slim" xmlns:dcterms="http://purl.org/dc/terms/" xmlns:xsi="http://www.w3.org/2001/XMLSchema-instance" xmlns:doc="http://www.lyncode.com/xoai" xsi:schemaLocation="http://www.loc.gov/MARC21/slim http://www.loc.gov/standards/marcxml/schema/MARC21slim.xsd">
   <leader>00925njm 22002777a 4500</leader>
   <datafield ind2=" " ind1=" " tag="042">
      <subfield code="a">dc</subfield>
   </datafield>
   <datafield ind2=" " ind1=" " tag="720">
      <subfield code="a">Trapero-Bertran, Marta</subfield>
      <subfield code="e">author</subfield>
   </datafield>
   <datafield ind2=" " ind1=" " tag="720">
      <subfield code="a">Muñoz, Celia</subfield>
      <subfield code="e">author</subfield>
   </datafield>
   <datafield ind2=" " ind1=" " tag="720">
      <subfield code="a">Coyle, Kathryn</subfield>
      <subfield code="e">author</subfield>
   </datafield>
   <datafield ind2=" " ind1=" " tag="720">
      <subfield code="a">Coyle, Doug</subfield>
      <subfield code="e">author</subfield>
   </datafield>
   <datafield ind2=" " ind1=" " tag="720">
      <subfield code="a">Lester-George, Adam</subfield>
      <subfield code="e">author</subfield>
   </datafield>
   <datafield ind2=" " ind1=" " tag="720">
      <subfield code="a">Leidl, Reiner</subfield>
      <subfield code="e">author</subfield>
   </datafield>
   <datafield ind2=" " ind1=" " tag="720">
      <subfield code="a">Németh, Bertalan</subfield>
      <subfield code="e">author</subfield>
   </datafield>
   <datafield ind2=" " ind1=" " tag="720">
      <subfield code="a">Cheung, Kei Long</subfield>
      <subfield code="e">author</subfield>
   </datafield>
   <datafield ind2=" " ind1=" " tag="720">
      <subfield code="a">Pokhrel, Subhash</subfield>
      <subfield code="e">author</subfield>
   </datafield>
   <datafield ind2=" " ind1=" " tag="720">
      <subfield code="a">López-Nicolás, Ángel</subfield>
      <subfield code="e">author</subfield>
   </datafield>
   <datafield ind2=" " ind1=" " tag="260">
      <subfield code="c">2018</subfield>
   </datafield>
   <datafield ind2=" " ind1=" " tag="520">
      <subfield code="a">Aims: To assess the cost‐effectiveness of alternative smoking cessation scenarios from the perspective of the Spanish National Health Service (NHS). Design: We used the European study on Quantifying Utility of Investment in Protection from Tobacco model (EQUIPTMOD), a Markov‐based state transition economic model, to estimate the return on investment (ROI) of: (a) the current provision of smoking cessation services (brief physician advice and printed self‐helped material + smoking ban and tobacco duty at current levels); and (b) four alternative scenarios to complement the current provision: coverage of proactive telephone calls; nicotine replacement therapy (mono and combo) [prescription nicotine replacement therapy (Rx NRT)]; varenicline (standard duration); or bupropion. A rate of 3% was used to discount life‐time costs and benefits. Setting: Spain. Participants: Adult smoking population (16+ years). Measurements: Health‐care costs associated with treatment of smoking attributable diseases (lung cancer, coronary heart disease, chronic obstructive pulmonary infection and stroke); intervention costs; quality‐adjusted life years (QALYs). Costs and outcomes were summarized using various ROI estimates. Findings: The cost of implementing the current provision of smoking cessation services is approximately €61 million in the current year. This translates to 18 quitters per 1000 smokers and a life‐time benefit–cost ratio of 5, compared with no such provision. All alternative scenarios were dominant (cost‐saving: less expensive to run and generated more QALYs) from the life‐time perspective, compared with the current provision. The life‐time benefit–cost ratios were: 1.87 (proactive telephone calls); 1.17 (Rx NRT); 2.40 (varenicline‐standard duration); and bupropion (2.18). The results remained robust in the sensitivity analysis. Conclusions: According to the EQUIPTMOD modelling tool it would be cost‐effective for the Spanish authorities to expand the reach of existing GP brief interventions for smoking cessation, provide pro‐active telephone support, and reimburse smoking cessation medication to smokers trying to stop. Such policies would more than pay for themselves in the long run.</subfield>
   </datafield>
   <datafield ind1="8" ind2=" " tag="024">
      <subfield code="a">Trapero Bertrán, Marta; Muñoz, Celia; Coyle, Kathryn [et al.]. Cost-effectiveness of alternative smoking cessation scenarios in Spain: results from the EQUIPTMOD. Addiction, 2018, 113(S1), p. 65-75. Disponible en: &lt;https://onlinelibrary.wiley.com/doi/full/10.1111/add.14090>. Fecha de acceso: 24 may. 2020. DOI: 10.1111/add.14090.</subfield>
   </datafield>
   <datafield ind1="8" ind2=" " tag="024">
      <subfield code="a">1360-0443</subfield>
   </datafield>
   <datafield ind1="8" ind2=" " tag="024">
      <subfield code="a">http://hdl.handle.net/20.500.12328/1544</subfield>
   </datafield>
   <datafield ind1="8" ind2=" " tag="024">
      <subfield code="a">https://dx.doi.org/10.1111/add.14090</subfield>
   </datafield>
   <datafield tag="653" ind2=" " ind1=" ">
      <subfield code="a">Finances</subfield>
   </datafield>
   <datafield tag="653" ind2=" " ind1=" ">
      <subfield code="a">Finances</subfield>
   </datafield>
   <datafield tag="653" ind2=" " ind1=" ">
      <subfield code="a">Accounting</subfield>
   </datafield>
   <datafield tag="653" ind2=" " ind1=" ">
      <subfield code="a">Smoking -- Habit</subfield>
   </datafield>
   <datafield tag="653" ind2=" " ind1=" ">
      <subfield code="a">Tobacco</subfield>
   </datafield>
   <datafield tag="653" ind2=" " ind1=" ">
      <subfield code="a">Smoking -- Treatment</subfield>
   </datafield>
   <datafield tag="653" ind2=" " ind1=" ">
      <subfield code="a">Quality of Life</subfield>
   </datafield>
   <datafield tag="653" ind2=" " ind1=" ">
      <subfield code="a">Comptabilitat</subfield>
   </datafield>
   <datafield tag="653" ind2=" " ind1=" ">
      <subfield code="a">Hàbit de fumar</subfield>
   </datafield>
   <datafield tag="653" ind2=" " ind1=" ">
      <subfield code="a">Tabac</subfield>
   </datafield>
   <datafield tag="653" ind2=" " ind1=" ">
      <subfield code="a">Tabaquisme -- Tractament</subfield>
   </datafield>
   <datafield tag="653" ind2=" " ind1=" ">
      <subfield code="a">Qualitat de vida</subfield>
   </datafield>
   <datafield tag="653" ind2=" " ind1=" ">
      <subfield code="a">Finanzas</subfield>
   </datafield>
   <datafield tag="653" ind2=" " ind1=" ">
      <subfield code="a">Contabilidad</subfield>
   </datafield>
   <datafield tag="653" ind2=" " ind1=" ">
      <subfield code="a">Tabaco -- Consumo</subfield>
   </datafield>
   <datafield tag="653" ind2=" " ind1=" ">
      <subfield code="a">Tabaco</subfield>
   </datafield>
   <datafield tag="653" ind2=" " ind1=" ">
      <subfield code="a">Tabaquismo -- Tratamiento</subfield>
   </datafield>
   <datafield tag="653" ind2=" " ind1=" ">
      <subfield code="a">Calidad de vida</subfield>
   </datafield>
   <datafield ind2="0" ind1="0" tag="245">
      <subfield code="a">Cost-effectiveness of alternative smoking cessation scenarios in Spain: results from the EQUIPTMOD</subfield>
   </datafield>
</record></metadata></record></GetRecord></OAI-PMH>